Die 10 höchsten Berge Nordamerikas - Statistiken

Allgemein
  • Dieses Quiz wurde 6 mal gespielt
  • Das Durchschnittsergebnis liegt bei 2 aus 10
Antwortstatistiken
Höhe Land Berg % Korrekt
6190 m Vereinigte Staaten Denali
100%
5959 m Kanada Mount Logan
67%
5462 m Mexiko Popocatépetl
50%
5489 m Kanada, Vereinigte Staaten Mount Saint Elias
17%
5610 m Mexiko Citlaltépetl
0%
5286 m Mexiko Iztaccíhuatl
0%
5173 m Kanada King Peak
0%
5304 m Vereinigte Staaten Mount Foraker
0%
5226 m Kanada Mount Lucania
0%
5073 m Kanada Mount Steele
0%
Keine übereinstimmenden Quizze gefunden
Verteilung der Resultate
Anzahl Personen mit jedem Resultat
Perzentil nach korrekt beantworteten Fragen
Ihre Resultats-Entwicklung
Sie haben dieses Quiz noch nicht gespielt